000 01105njm a22002897a 4500
005 20100901115333.0
006 a|||||r|||||00| 0
007 sd ammalaaahaa
008 100901t xxu||||| |||| 00| 0 eng d
028 _aECLP 5774
_bHis Master's Voice
035 _aGR-03779
040 _aSED
_cSED
100 _aBalasubrahmanyam, S.P.
_917891
245 _aMere jeevan sathi :
_cby S.P. Balasubrahmanyam & Anuradha; music by R.Jain ; lyrices by A. Bakshi
_h[Sound recording]
_bEk duuje ke liye /
260 _aDUM DUM, India
_bHis Master's Voice
_c1981
300 _a1 Sound disc [Gramophone Recording] :
_banalog, 33 1/3 rpm
_c12 in. (LP)
_fGramophone Record
500 _aBrief record
500 _aRecord Labels : His Master's Voice,Red
505 _aSide-2 (Savh sach sach-"Bewaqoof") (Kishor Kumar)
600 _2Balasubrahmanyam, S.P.
650 _aFilm songs
_xExcerpts
_zIndia
_917892
700 _aAnuradha
_919481
700 _aJain, A.
_920754
700 _aBakshi, A.
_919099
942 _2ddc
_cGR
999 _c46906
_d46906